000 00279nam a2200097Ia 4500
001 1300837
005 20260420095911.0
008 260420s9999 xx 000 0 und d
245 0 _aBATAKLIĞIN KIYISINDAKİ EV
_cYEŞİM SAYGIN ARMUTAK
260 _bGÜNIŞIĞI KİTAPLIĞI YAYINLARI
999 _c1300837
_d1300837